000 00668nam a2200181Ia 4500
008 090124s9999 xx 000 0 und d
082 _b29787
_a1887
100 _aकाळे व.पु. (वसंत पुरुषोत्तम)
245 _a माझं माझ्यापाशी ?
250 _a1
260 _c1998
300 _a139
600 _aकाळे व.पु. (वसंत पुरुषोत्तम)
630 _a माझं माझ्यापाशी ?
700 _aकाळे व.पु. (वसंत पुरुषोत्तम)
730 _a माझं माझ्यापाशी ?
942 _cBOOK
999 _c143269
_d143269